header

Driving the Soviets up the wall (Record no. 118606)

MARC details
000 -LEADER
fixed length control field 01502nam a2200361 a 4500
100 1# - MAIN ENTRY--AUTHOR NAME
Personal name Harrison, Hope Millard.
245 10 - TITLE STATEMENT
Title Driving the Soviets up the wall
260 ## - PUBLICATION, DISTRIBUTION, ETC. (IMPRINT)
Place of publication Princeton, N.J. :
Name of publisher Princeton University Press,
Year of publication 2003.
300 ## - PHYSICAL DESCRIPTION
Number of Pages xx, 345 p. :
Other physical details maps.
490 1# - SERIES STATEMENT
Series statement Princeton studies in international history and politics
856 40 - ELECTRONIC LOCATION AND ACCESS
Uniform Resource Identifier http://site.ebrary.com/lib/rucke/Doc?id=10480676

No items available.

© 2026 Rongo University
Contact us: librarian | system librarian | Rongo university